| 000 | 00420nam a22001697a 4500 | ||
|---|---|---|---|
| 005 | 20180711105148.0 | ||
| 008 | 160525b xxu||||| |||| 00| 0 eng d | ||
| 020 | _a0333-93272-3 | ||
| 041 | _aeng | ||
| 082 |
_b4873 _a658.15 |
||
| 100 |
_aMerrilly mary P. _94513 |
||
| 245 | _aFinancial Planning in the bank | ||
| 260 |
_aNew Delhi _bAcademic Faundation |
||
| 300 | _a352p, | ||
| 650 |
_aManagement _9241 |
||
| 942 | _cBK | ||
| 999 |
_c1691 _d1690 |
||